[Event "Sant Marti op 4th"]
[Site "?"]
[Date "2002.05.11"]
[Round "6.41"]
[White "Moreno Crespo Lorenzo"]
[Black "Baldo Manosa Joan"]
[Result "1/2-1/2"]
[WhiteElo "1815"]
[BlackElo "1700"]
[PlyCount "134"]
[EventDate "2002.??.??"]
[Source "www.chesslib.no"]
[SourceDate "2004.05.04"]

1. e4 e5 2. Nf3 Nc6 3. Bc4 Nf6 4. Ng5 d5 5. exd5 Nxd5 6. Qh5 g6 7. Qf3 Qxg5 8. Bxd5 Nd8 9. O-O c6 10. Bb3 Be6 11. d4 Qe7 12. dxe5 Bg7 13. Qe3 O-O 14. f4 Bxb3 15. axb3 Ne6 16. Rxa7 Rad8 17. Nc3 Rd7 18. Ne4 Rfd8 19. Qf3 Nd4 20. Qf2 Nb5 21. Ra4 Rd1 22. Be3 Qd7 23. Nc3 Nxc3 24. bxc3 Qf5 25. Rd4 Rxf1+ 26. Kxf1 Rxd4 27. cxd4 Bf8 28. Qd2 Qe6 29. c4 Qf5 30. Qd1 Qe4 31. Kf2 Be7 32. d5 cxd5 33. cxd5 g5 34. g3 gxf4 35. Bxf4 Bc5+ 36. Kf1 Qh1+ 37. Ke2 Qg2+ 38. Kd3 Qxd5+ 39. Kc2 Qe4+ 40. Qd3 Qc6 41. Kb2 Qg2+ 42. Qc2 Bd4+ 43. Kb1 Qh1+ 44. Bc1 Bxe5 45. Ka2 Kg7 46. Qd2 f6 47. Qd7+ Kg6 48. Qe8+ Kf5 49. Qh5+ Ke6 50. Bb2 Bxb2 51. Kxb2 Qg2+ 52. Ka3 Qe4 53. Qe8+ Kd5 54. Qf7+ Kd4 55. Qxf6+ Qe5 56. Qxe5+ Kxe5 57. Kb4 Ke4 58. Kc5 Kf3 59. b4 Kg2 60. Kb6 Kxh2 61. Kxb7 Kxg3 62. Kc6 h5 63. b5 h4 64. b6 h3 65. b7 Kg2 66. b8=Q h2 67. Qg8+ Kh1 1/2-1/2

[Event "Wattens op 15th"]
[Site "Wattens"]
[Date "2000.08.26"]
[Round "1"]
[White "Meingast, Markus"]
[Black "Arnold, Johann"]
[Result "1-0"]
[WhiteElo "2028"]
[BlackElo "1471"]
[PlyCount "67"]
[EventDate "2000.08.26"]
[Source "www.chesslib.no"]
[SourceDate "2004.05.04"]

1. e4 e5 2. Nf3 Nf6 3. Bc4 Nc6 4. Ng5 d5 5. exd5 Nxd5 6. Nxf7 Kxf7 7. Qf3+ Qf6 8. Bxd5+ Ke8 9. Bxc6+ bxc6 10. Qe2 Bc5 11. O-O Rf8 12. Nc3 Qe7 13. Ne4 Bb6 14. b3 a5 15. Bb2 Bf5 16. Rae1 Kd8 17. Ng3 g6 18. Bxe5 Kc8 19. Qc4 Qd7 20. Nxf5 Rxf5 21. d4 Kb7 22. c3 Raf8 23. a4 Qd5 24. Qxd5 cxd5 25. Bg3 R8f7 26. Re8 c5 27. Be5 cxd4 28. cxd4 Bc7 29. f4 h5 30. g3 g5 31. Bxc7 Kxc7 32. Re5 gxf4 33. Rxf5 Rxf5 34. Rxf4 1-0

[Event "Plau am See (14.03.-20.03)"]
[Site "?"]
[Date "2005.03.19"]
[Round "6"]
[White "Fleischer Martin"]
[Black "Oergel Ullrich"]
[Result "1-0"]
[WhiteElo "1778"]
[BlackElo "1705"]
[PlyCount "65"]
[EventDate "2005.??.??"]
[Source "www.chesslib.no"]
[SourceDate "2004.05.04"]

1. e4 e5 2. Nf3 Nf6 3. Bc4 Nc6 4. Ng5 d5 5. exd5 Nxd5 6. Nxf7 Kxf7 7. Qf3+ Ke6 8. Nc3 Nce7 9. d4 c6 10. O-O Nf5 11. dxe5 Bb4 12. Ne4 h6 13. a3 Bf8 14. Rd1 Be7 15. Nc3 Bg5 16. Nxd5 cxd5 17. Rxd5 Bd7 18. Qd3 Ke7 19. Bxg5+ hxg5 20. e6 Bxe6 21. Rxd8 Raxd8 22. Qb3 Bc8 23. Re1+ Kf6 24. Qc3+ Kg6 25. Bd3 Kh6 26. h3 Nh4 27. Re7 Rhg8 28. Qe5 g6 29. Qc7 Rh8 30. f4 Rd5 31. Qc3 Rg8 32. Qf6 a6 33. Qf7 1-0

[Event "Sant Marti Open 5th"]
[Site "?"]
[Date "2003.06.14"]
[Round "8.43"]
[White "Guixe Xavier"]
[Black "Eleno Oscar"]
[Result "1-0"]
[WhiteElo "1760"]
[BlackElo "1700"]
[PlyCount "129"]
[EventDate "2003.??.??"]
[Source "www.chesslib.no"]
[SourceDate "2004.05.04"]

1. e4 e5 2. Nf3 Nc6 3. Bc4 Nf6 4. Ng5 Qe7 5. Nxf7 Rg8 6. Nxe5 Qxe5 7. Bxg8 Qxe4+ 8. Kf1 Nxg8 9. Qh5+ Qg6 10. Qxg6+ hxg6 11. Nc3 Nf6 12. d3 Nd4 13. Bf4 d6 14. Re1+ Be7 15. Rc1 Be6 16. Be3 c5 17. Bxd4 cxd4 18. Nb5 O-O-O 19. Nxa7+ Kb8 20. Nb5 Nd5 21. Re1 Bd7 22. Nxd4 Nb4 23. Rxe7 Be8 24. Ne6 Rc8 25. Nxg7 Bb5 26. Ke2 Rxc2+ 27. Kf3 Bc6+ 28. Kg3 Rxb2 29. Ne8 Rxa2 30. Nxd6 Nxd3 31. f3 Rb2 32. Re3 Rd2 33. Ne4 Bxe4 34. fxe4 Ne5 35. h4 Kc7 36. h5 gxh5 37. Rxh5 Kd6 38. Kf4 Nc4 39. Rc3 Rd4 40. Kf5 b5 41. g4 b4 42. Rb3 Nd2 43. e5+ Ke7 44. Rh7+ Ke8 45. Ke6 Rf4 46. Rh8+ Rf8 47. Rxf8+ Kxf8 48. Rxb4 Nf3 49. Rb7 Ng5+ 50. Kf6 Ne4+ 51. Kf5 Nc5 52. Rc7 Na6 53. Rc8+ Ke7 54. g5 Kd7 55. g6 Kxc8 56. g7 Nc7 57. g8=Q+ Kb7 58. Qh7 Kc6 59. e6 Nxe6 60. Kxe6 Kb5 61. Qc2 Kb4 62. Kd5 Ka3 63. Qb1 Ka4 64. Kc4 Ka5 65. Qb5# 1-0

[Event "POR-ch Univ"]
[Site "?"]
[Date "2002.05.06"]
[Round "1.7"]
[White "Portal Joao"]
[Black "Monteiro Victor"]
[Result "0-1"]
[WhiteElo "1868"]
[BlackElo "1576"]
[PlyCount "79"]
[EventDate "2002.??.??"]
[Source "www.chesslib.no"]
[SourceDate "2004.05.04"]

1. e4 e5 2. Nf3 Nc6 3. Bc4 Nf6 4. Ng5 d5 5. exd5 Bg4 6. f3 Na5 7. Bb5+ c6 8. dxc6 bxc6 9. Bxc6+ Nxc6 10. fxg4 Bc5 11. Nc3 O-O 12. d3 Qd7 13. h3 h6 14. Nge4 Nxe4 15. Nxe4 Qe7 16. Bd2 Bb4 17. a3 Bxd2+ 18. Qxd2 Nd4 19. O-O-O Rab8 20. Ng3 Rfc8 21. c4 Nb3+ 22. Kc2 Nxd2 23. Rxd2 Qb7 24. Rb1 Qb6 25. Ne4 Qe3 26. Nc3 Rd8 27. Nd5 Qc5 28. Nb4 Rb6 29. Na2 e4 30. Nc3 exd3+ 31. Rxd3 Rxd3 32. Kxd3 Qe5 33. h4 Qg3+ 34. Kd4 Re6 35. Nd5 Qf2+ 36. Kd3 Qe2+ 37. Kc3 Qxg2 38. Rd1 Qg3+ 39. Rd3 Qe5+ 40. Kb3 0-1

[Event "France"]
[Site "?"]
[Date "1998.04.04"]
[Round "2"]
[White "Mestres Carbia, Jordi"]
[Black "Cano de Meio, Gustavo"]
[Result "0-1"]
[WhiteElo "1720"]
[BlackElo "1700"]
[PlyCount "40"]
[EventDate "1998.??.??"]
[Source "www.chesslib.no"]
[SourceDate "2004.05.04"]

1. e4 e5 2. Nf3 Nc6 3. Bc4 Nf6 4. Ng5 d5 5. exd5 Nxd5 6. Qf3 Qxg5 7. Bxd5 Qg6 8. d3 Nd4 9. Qd1 Bd6 10. Be3 O-O 11. Nc3 Bb4 12. Qd2 c6 13. Be4 f5 14. Bf3 f4 15. Bxd4 exd4 16. O-O-O dxc3 17. bxc3 Qf6 18. d4 Ba3+ 19. Kb1 Qd8 20. c4 Qb6+ 0-1

[Event "Mindsports ol g/25, London ENG"]
[Site "London"]
[Date "1998.??.??"]
[Round "4"]
[White "Lundin Alexandr"]
[Black "Rechel, Bernd"]
[Result "1-0"]
[WhiteElo "1700"]
[BlackElo "1700"]
[PlyCount "59"]
[EventDate "1998.??.??"]
[Source "www.chesslib.no"]
[SourceDate "2004.05.04"]

1. e4 e5 2. Nf3 Nc6 3. Bc4 Nf6 4. Ng5 Qe7 5. c3 h6 6. Nxf7 Rh7 7. Bd5 b6 8. c4 Bb7 9. d3 Nxd5 10. cxd5 Nd8 11. Nxd8 Qxd8 12. O-O c6 13. Qh5+ Ke7 14. Bg5+ Kd6 15. Qg6+ Kc7 16. Bxd8+ Rxd8 17. Qxh7 Re8 18. Rc1 Rc8 19. dxc6 dxc6 20. Qf5 Re8 21. Qf7+ Re7 22. Qxf8 Rd7 23. Nd2 a6 24. g3 a5 25. f4 Ba6 26. fxe5 Bxd3 27. e6 Rd8 28. e7 Rd7 29. e8=Q Bb5 30. Qc8# 1-0

[Event "FRA Team Ch (Women) 2003"]
[Site "?"]
[Date "2003.02.08"]
[Round "2.3"]
[White "Barbet Lisa"]
[Black "Chauvin Stephanie"]
[Result "0-1"]
[WhiteElo "1560"]
[BlackElo "1830"]
[PlyCount "56"]
[EventDate "2003.??.??"]
[Source "www.chesslib.no"]
[SourceDate "2004.05.04"]

1. e4 e5 2. Nf3 Nc6 3. Bc4 Nf6 4. Ng5 d5 5. Bxd5 Nxd5 6. exd5 Qxg5 7. dxc6 Qxg2 8. Rf1 Qxc6 9. Qe2 f6 10. d4 Bf5 11. dxe5 O-O-O 12. Rg1 Qxc2 13. Nc3 Qxe2+ 14. Kxe2 fxe5 15. Be3 a6 16. Rac1 g6 17. f3 Bd3+ 18. Kf2 Bb4 19. Ne4 Bxe4 20. fxe4 Bd2 21. Rc2 Bxe3+ 22. Kxe3 Rhf8 23. Rg5 Rde8 24. Rc5 Rf1 25. Rcxe5 Re1+ 26. Kd2 Rxe4 27. Rxe4 Rxe4 28. Rd5 Rh4 0-1

[Event "Trenton, Mich."]
[Site "?"]
[Date "1988.03.02"]
[Round "1"]
[White "Dubsky Mike"]
[Black "Moody David"]
[Result "0-1"]
[WhiteElo "1309"]
[BlackElo "2049"]
[PlyCount "40"]
[EventDate "1988.??.??"]
[Source "www.chesslib.no"]
[SourceDate "2004.05.04"]

1. e4 e5 2. Nf3 Nc6 3. Bc4 Nf6 4. Ng5 d5 5. Bb5 dxe4 6. Nc3 Bg4 7. Ne2 Bc5 8. c4 O-O 9. Qa4 Bxe2 10. Kxe2 Qd3+ 11. Kd1 Nd4 12. Re1 c6 13. Re3 Qf1+ 14. Re1 Qxg2 15. d3 cxb5 16. cxb5 Qg4+ 17. Kd2 Qxg5+ 18. Kc3 Nd5+ 19. Kc4 Nb6+ 20. Kxc5 Qe7# 0-1

[Event "Bad Zwesten GER"]
[Site "?"]
[Date "2002.01.05"]
[Round "2"]
[White "Noble Fabian"]
[Black "Herytash Philipp"]
[Result "1-0"]
[WhiteElo "1853"]
[BlackElo "1489"]
[PlyCount "61"]
[EventDate "2002.??.??"]
[Source "www.chesslib.no"]
[SourceDate "2004.05.04"]

1. e4 e5 2. Bc4 Nf6 3. Nf3 Nc6 4. Ng5 d5 5. exd5 Nxd5 6. d4 exd4 7. O-O Be7 8. Nxf7 Kxf7 9. Qf3+ Ke8 10. Bxd5 Rf8 11. Bxc6+ bxc6 12. Qxc6+ Bd7 13. Qe4 Bf5 14. Qc6+ Bd7 15. Qd5 Bf5 16. Qb5+ Kf7 17. Qxf5+ Kg8 18. Qg4 Kh8 19. Nd2 Bf6 20. Nf3 d3 21. c3 h6 22. Be3 Rb8 23. Rab1 Qd5 24. Bxa7 Rb7 25. Bd4 Qxa2 26. Bxf6 Rxf6 27. Qc8+ Kh7 28. Qxb7 Rd6 29. Qe4+ Kh8 30. Nd2 Qa5 31. Nc4 1-0

[Event "Duesseldorf"]
[Site "?"]
[Date "2004.11.03"]
[Round "4.12"]
[White "Biessner Eberhard"]
[Black "Schueller Reinhard"]
[Result "1-0"]
[WhiteElo "1807"]
[BlackElo "1448"]
[PlyCount "59"]
[EventDate "2004.??.??"]
[Source "www.chesslib.no"]
[SourceDate "2004.05.04"]

1. e4 e5 2. Nf3 Nc6 3. Bc4 Nf6 4. Ng5 d5 5. exd5 Nxd5 6. Qf3 Qxg5 7. Bxd5 Qg6 8. c3 Bg4 9. Bxf7+ Qxf7 10. Qxg4 Bd6 11. O-O O-O 12. d3 Ne7 13. Nd2 Qg6 14. Qc4+ Kh8 15. Ne4 Nf5 16. Ng3 Nxg3 17. hxg3 b6 18. Be3 Rae8 19. a4 a5 20. b4 axb4 21. cxb4 e4 22. d4 Rf5 23. a5 bxa5 24. bxa5 Rh5 25. a6 h6 26. a7 Bxg3 27. fxg3 Qxg3 28. Bf4 Qg6 29. a8=Q Rf5 30. Qac6 1-0

[Event "Dortmund op-B"]
[Site "?"]
[Date "2003.08.07"]
[Round "6"]
[White "Strathoff Jens"]
[Black "Heyden Jonas"]
[Result "1-0"]
[WhiteElo "1536"]
[BlackElo "1705"]
[PlyCount "155"]
[EventDate "2003.??.??"]
[Source "www.chesslib.no"]
[SourceDate "2004.05.04"]

1. e4 e5 2. Nh3 Nc6 3. Bc4 Nf6 4. Ng5 Bc5 5. Bxf7+ Ke7 6. Bd5 Rf8 7. O-O d6 8. h3 h6 9. Nf3 g5 10. Nh2 Qe8 11. d3 Qg6 12. Be3 Bxe3 13. fxe3 g4 14. hxg4 Bxg4 15. Qe1 Bh3 16. Qd2 Nb4 17. Nc3 h5 18. Rf3 Bg4 19. Rf2 c6 20. Bb3 Na6 21. Raf1 Nc5 22. Nf3 Nxb3 23. axb3 Bxf3 24. Rxf3 Qg5 25. Rf5 Qh4 26. Qf2 Qxf2+ 27. R1xf2 Ng4 28. Rxf8 Rxf8 29. Rxf8 Kxf8 30. Nd1 Kf7 31. g3 Ke6 32. Kg2 Kf6 33. Kf3 Kg5 34. Nf2 Nf6 35. Nd1 Nd7 36. d4 Nb6 37. Nf2 Nd7 38. g4 hxg4+ 39. Nxg4 a5 40. Nf2 Nb6 41. Ke2 Kh4 42. Kd3 Kg3 43. Nd1 Kf3 44. Nc3 Nd7 45. Nb1 Nb6 46. Nd2+ Kf2 47. c3 Kg3 48. Ke2 Kg2 49. Nf3 Nd7 50. Nh4+ Kh3 51. Nf5 d5 52. exd5 cxd5 53. Nd6 b6 54. Nc8 Kg4 55. Ne7 exd4 56. exd4 Nf6 57. Kd3 Kf4 58. c4 dxc4+ 59. bxc4 Nd7 60. Nd5+ Kf5 61. b3 Ke6 62. b4 axb4 63. Nxb4 Kd6 64. Nc2 Kc6 65. Kc3 Kd6 66. Kb4 Kc6 67. Ne3 Nf6 68. d5+ Kc7 69. Nf5 Nd7 70. Nd4 Kb7 71. Kb5 Kc7 72. Ne2 Kd6 73. Nc3 Kc7 74. Na4 Kb7 75. d6 Ka7 76. Nxb6 Nxb6 77. c5 Na8 78. Kc6 1-0

[Event "Aix Les Bains FRA"]
[Site "?"]
[Date "2006.??.??"]
[Round "4.6"]
[White "Ferrer Lauriane"]
[Black "Eggenspieler Jennifer"]
[Result "0-1"]
[WhiteElo "1540"]
[BlackElo "1630"]
[PlyCount "124"]
[EventDate "2006.??.??"]
[Source "www.chesslib.no"]
[SourceDate "2004.05.04"]

1. e4 e5 2. Nf3 Nc6 3. Bc4 Nf6 4. Ng5 d5 5. exd5 Nxd5 6. Qf3 Qxg5 7. Bxd5 Qf6 8. Qxf6 gxf6 9. Nc3 Bd7 10. d3 Rg8 11. Bd2 Bc5 12. Ne4 Be7 13. g3 f5 14. Nc3 Rg6 15. f4 f6 16. Kf2 O-O-O 17. Rhe1 Nb4 18. Bb3 Bc5+ 19. Kf1 Rh6 20. fxe5 Rxh2 21. Bf4 Rf2+ 22. Kg1 Rxf4+ 23. Kh2 Rf2+ 24. Kh3 f4+ 25. g4 fxe5 26. Rxe5 Bd6 27. Re4 f3 28. Rh1 h5 29. Be6 Bxe6 30. Rxe6 hxg4+ 31. Kxg4 Nc6 32. Ne4 Rxc2 33. Nxd6+ cxd6 34. Rhh6 f2 35. Ref6 Rxb2 36. Kg3 Rxa2 37. Rxf2 Rxf2 38. Kxf2 Ne5 39. Ke2 Re8 40. Kd2 Kc7 41. Rh1 a5 42. Ra1 b6 43. Kc3 Kc6 44. Kd4 Rh8 45. Rc1+ Kd7 46. Kd5 Nxd3 47. Rb1 Rh5+ 48. Kc4 Nb4 49. Kb3 Rb5 50. Ka4 Rc5 51. Rb3 d5 52. Rh3 Nc6 53. Rh7+ Ne7 54. Rh5 d4 55. Rh3 Rd5 56. Rd3 Kc6 57. Rd1 d3 58. Rd2 Kc5 59. Rxd3 b5+ 60. Kxa5 Rxd3 61. Ka6 Rd7 62. Ka5 Ra7# 0-1

[Event "XIV Open HIT 2009 - B"]
[Site "Nova Gorica SLO"]
[Date "2009.01.31"]
[Round "2"]
[White "Mihelj, Edvard Danijel"]
[Black "Aralica, Timotej Ulrih"]
[Result "1-0"]
[WhiteElo "1665"]
[BlackElo "1500"]
[PlyCount "47"]
[EventDate "2009.01.31"]
[Source "www.chesslib.no"]
[SourceDate "2004.05.04"]

1. e4 e5 2. Bc4 Nc6 3. Nf3 Nf6 4. Ng5 Rg8 5. Bxf7+ Ke7 6. Bxg8 h6 7. Bb3 hxg5 8. d3 Ke8 9. Bxg5 Bc5 10. Bxf6 Qxf6 11. Qf3 Qh4 12. Qf7+ Kd8 13. Qg8+ Ke7 14. Qxg7+ Kd8 15. Qg3 Qh6 16. c3 Qc1+ 17. Bd1 Qxb2 18. Qg5+ Ke8 19. Bh5+ Kf8 20. Qf6+ Kg8 21. Qf7+ Kh8 22. O-O a6 23. Bg6 Ne7 24. Qh7# 1-0

[Event "Steinfurt"]
[Site "?"]
[Date "2004.11.13"]
[Round "3.2"]
[White "Engfer Klaus"]
[Black "Kumpmann Ulrich"]
[Result "1/2-1/2"]
[WhiteElo "1623"]
[BlackElo "1513"]
[PlyCount "82"]
[EventDate "2004.??.??"]
[Source "www.chesslib.no"]
[SourceDate "2004.05.04"]

1. e4 e5 2. Nf3 Nc6 3. Bc4 Nf6 4. Ng5 d5 5. exd5 Nxd5 6. Qf3 Qxg5 7. Bxd5 Nd4 8. Qxf7+ Kd8 9. O-O Nxc2 10. d4 Qe7 11. dxe5 Qxf7 12. Bxf7 Ke7 13. Bb3 Nxa1 14. Bg5+ Ke8 15. Ba4+ c6 16. Rd1 Bf5 17. Nc3 Bc2 18. Rd2 Bxa4 19. Nxa4 Be7 20. Be3 Rd8 21. Rxd8+ Kxd8 22. Bxa7 Kc8 23. f4 Kd7 24. Nb6+ Ke6 25. g4 Bc5+ 26. Kg2 Bxb6 27. Bxb6 g6 28. Kf3 Rf8 29. h4 h5 30. g5 Ra8 31. a3 Ra4 32. Bc5 Rc4 33. Bd6 Nb3 34. Bb4 Nd4+ 35. Kg2 Rc2+ 36. Kh3 Rxb2 37. f5+ Nxf5 38. Be1 Rb3+ 39. Kh2 Rxa3 40. Bf2 Ra2 41. Kh3 Rxf2 1/2-1/2

[Event "Duisburg"]
[Site "?"]
[Date "2005.03.18"]
[Round "7.16"]
[White "Angermann Immo Frank"]
[Black "Hoening Andre"]
[Result "1/2-1/2"]
[WhiteElo "1643"]
[BlackElo "1473"]
[PlyCount "47"]
[EventDate "2005.??.??"]
[Source "www.chesslib.no"]
[SourceDate "2004.05.04"]

1. e4 e5 2. Nf3 Nc6 3. Bc4 Nf6 4. Ng5 d5 5. exd5 Nxd5 6. Qf3 Qxg5 7. Bxd5 Nd4 8. Qxf7+ Kd8 9. Kd1 Bf5 10. Bxb7 Bxc2+ 11. Ke1 Rb8 12. Qd5+ Bd6 13. Nc3 Bd3 14. Ne4 Nc2+ 15. Kd1 Qg4+ 16. f3 Qxg2 17. Qxd3 Nxa1 18. Re1 Rxb7 19. Nxd6 cxd6 20. Qxd6+ Kc8 21. Qe6+ Rd7 22. Qc6+ Rc7 23. Qa8+ Kd7 24. Qd5+ 1/2-1/2

[Event "Corr"]
[Site "?"]
[Date "1999.07.16"]
[Round "?"]
[White "Hawk June"]
[Black "Polaszek Arkadiusz"]
[Result "1-0"]
[WhiteElo "1345"]
[BlackElo "1768"]
[PlyCount "119"]
[EventDate "1999.??.??"]
[Source "www.chesslib.no"]
[SourceDate "2004.05.04"]

1. e4 e5 2. Bc4 Nf6 3. Nf3 Nc6 4. Ng5 d5 5. exd5 Nd4 6. d6 Qxd6 7. Bxf7+ Ke7 8. Bb3 Nxb3 9. axb3 h6 10. Nf3 e4 11. Qe2 Kf7 12. Ng1 Qc6 13. Qc4+ Qxc4 14. bxc4 Bc5 15. Ne2 Be6 16. b3 Rad8 17. Bb2 Rhe8 18. h3 a6 19. O-O Bd7 20. Ng3 Bc6 21. Re1 Bb4 22. Re2 Re7 23. Nc3 Red7 24. Rd1 Bc5 25. Nb1 Bd4 26. Bxd4 Rxd4 27. Nf5 R4d7 28. Ne3 g5 29. Rf1 h5 30. Kh2 Ke6 31. h4 g4 32. Rd1 Nh7 33. Nd5 Nf6 34. Nb4 Kd6 35. Kg3 Kc5 36. Nxc6 Kxc6 37. Nc3 Rd4 38. Kf4 Kd6 39. Ra1 Rf8 40. Ra5 c5 41. Kg3 Kc6 42. Na4 Nd7 43. Nb2 Nb8 44. d3 exd3 45. Nxd3 b6 46. Ra1 Rf5 47. Rae1 Nd7 48. Re6+ Kc7 49. R1e3 Rf6 50. Re7 Rf5 51. c3 Rd6 52. Nf4 Kc6 53. Nd5 Rh6 54. R3e6+ Rxe6 55. Rxe6+ Kb7 56. Rh6 Re5 57. Rd6 Kc8 58. Nxb6+ Nxb6 59. Rxb6 a5 60. Ra6 1-0

[Event "StChasCC-Fermilab"]
[Site "?"]
[Date "2007.05.03"]
[Round "1.6"]
[White "Padilla, Rudy"]
[Black "Cease, Herman"]
[Result "1-0"]
[WhiteElo "1626"]
[BlackElo "1477"]
[PlyCount "94"]
[EventDate "2007.??.??"]
[Source "www.chesslib.no"]
[SourceDate "2004.05.04"]

1. e4 e5 2. Nf3 Nf6 3. Bc4 Nc6 4. Ng5 d5 5. exd5 Nxd5 6. Qf3 Be6 7. Nxe6 fxe6 8. Bb3 Bc5 9. O-O Qd6 10. Qh5+ g6 11. Qh4 Nd4 12. Nc3 Nf4 13. d3 Nf5 14. Qg4 h5 15. Qg5 Qe7 16. Bxf4 exf4 17. Qxg6+ Kd7 18. Ne4 Bd4 19. Qg5 Rag8 20. Qxf4 Nh4 21. g3 Rg4 22. Qc1 Nf3+ 23. Kg2 Qf7 24. Qd1 h4 25. h3 hxg3 26. Qxf3 Rf4 27. Qxg3 Rg8 28. Ng5 Qf6 29. Bxe6+ Kd8 30. Bxg8 Rf5 31. Ne6+ Ke8 32. Ng7+ Kd8 33. Nxf5 Qxf5 34. Rae1 Bxb2 35. Be6 Qc5 36. Qg8+ Ke7 37. Bg4+ Be5 38. Qe6+ Kf8 39. Rxe5 Qc6+ 40. Bf3 Qxe6 41. Rxe6 c5 42. Bxb7 c4 43. Rfe1 cxd3 44. cxd3 a5 45. Re7 a4 46. Rc7 a3 47. Bc6 Kg8 1-0

[Event "Corr"]
[Site "?"]
[Date "2001.07.04"]
[Round "?"]
[White "Metcalfe Keith"]
[Black "Magalhaes Joao Flavio"]
[Result "1-0"]
[WhiteElo "1621"]
[BlackElo "1453"]
[PlyCount "87"]
[EventDate "2001.??.??"]
[Source "www.chesslib.no"]
[SourceDate "2004.05.04"]

1. e4 e5 2. Nf3 Nc6 3. Bc4 Nf6 4. Ng5 d5 5. exd5 Nxd5 6. Qh5 g6 7. Qf3 Be6 8. Nxe6 fxe6 9. Bb5 Bc5 10. Bxc6+ bxc6 11. O-O Rf8 12. Qe2 Nf4 13. Qe4 Qd6 14. Nc3 Rb8 15. b3 Rb4 16. Qf3 Nd5 17. Qe2 Nf4 18. Qd1 Nd5 19. Qe1 Nxc3 20. dxc3 Rh4 21. Be3 Re4 22. Kh1 Qe7 23. Qe2 Bxe3 24. fxe3 Rf5 25. Qa6 Qc5 26. Qc8+ Kf7 27. Rfd1 Kg7 28. Rd7+ Kh6 29. Qxc7 Qxe3 30. Rxh7+ Kg5 31. Qxa7 Qxc3 32. Rg1 Ref4 33. h3 Qxc2 34. Qe7+ Rf6 35. Rf7 Qf5 36. Rxf6 Qxf6 37. Qc5 Rf2 38. a4 Qf5 39. Qxc6 Kf6 40. a5 Qd3 41. Qc5 Qf5 42. a6 Ra2 43. b4 e4 44. Qc3+ 1-0

[Event "Corr"]
[Site "?"]
[Date "2001.06.13"]
[Round "?"]
[White "Theofel Heiner"]
[Black "Zbinden Andreas"]
[Result "1-0"]
[WhiteElo "1407"]
[BlackElo "1652"]
[PlyCount "31"]
[EventDate "2001.??.??"]
[Source "www.chesslib.no"]
[SourceDate "2004.05.04"]

1. e4 e5 2. Nf3 Nc6 3. Bc4 Nf6 4. Ng5 Qe7 5. Bxf7+ Qxf7 6. Nxf7 Kxf7 7. Nc3 Bb4 8. O-O Bxc3 9. dxc3 d6 10. f3 Be6 11. Bg5 Rhf8 12. Bxf6 gxf6 13. f4 Rg8 14. f5 Bc4 15. Rf3 Bb5 16. Qd5+ 1-0

[Event "Heves Fregatt op 2nd"]
[Site "?"]
[Date "2001.05.11"]
[Round "3.13"]
[White "Simon Agnes"]
[Black "Nagyroczei Kristof"]
[Result "1-0"]
[WhiteElo "1624"]
[BlackElo "1428"]
[PlyCount "65"]
[EventDate "2001.??.??"]
[Source "www.chesslib.no"]
[SourceDate "2004.05.04"]

1. e4 e5 2. Nf3 Nc6 3. Bc4 Nf6 4. Ng5 d5 5. exd5 Nxd5 6. d3 f6 7. Qf3 Nf4 8. Nf7 Qe7 9. Nxh8 Nd4 10. Qd1 h5 11. O-O Nde2+ 12. Kh1 Bh3 13. Bxf4 Nxf4 14. gxh3 Nxh3 15. Qxh5+ Kd8 16. Qxh3 Qd6 17. Nf7+ Ke7 18. Nxd6 Kxd6 19. b4 Ke7 20. Qe6+ Kd8 21. Rd1 Bxb4 22. Qg8+ Kd7 23. Qxa8 Kc6 24. Qe8+ Kc5 25. Qb5+ Kd6 26. Qxb4+ Kc6 27. Nc3 a6 28. Rab1 b5 29. Bxb5+ axb5 30. Qxb5+ Kd6 31. d4 c6 32. dxe5+ Kc7 33. Qb7# 1-0

[Event "Fouesnant"]
[Site "?"]
[Date "2000.10.29"]
[Round "3.45"]
[White "Cloarec Audrey"]
[Black "Cornanguer Romain"]
[Result "1-0"]
[WhiteElo "1440"]
[BlackElo "1610"]
[PlyCount "87"]
[EventDate "2000.??.??"]
[Source "www.chesslib.no"]
[SourceDate "2004.05.04"]

1. e4 e5 2. Bc4 Nf6 3. Nf3 Nc6 4. Ng5 d5 5. exd5 Nxd5 6. Nxf7 Kxf7 7. Qf3+ Ke8 8. Bxd5 Qf6 9. Bxc6+ Qxc6 10. Qxc6+ bxc6 11. O-O Bd6 12. Nc3 Rf8 13. d3 h6 14. Bd2 Rf6 15. Rfe1 Kf8 16. Re4 Bb7 17. Rg4 Re8 18. Re1 Re7 19. f3 Bc8 20. Ra4 Bc5+ 21. Be3 Bb6 22. Bxb6 cxb6 23. d4 Rf5 24. dxe5 Rfxe5 25. Rxe5 Rxe5 26. Rxa7 Ke8 27. Rxg7 Re1+ 28. Kf2 Rc1 29. Kg3 Rxc2 30. Rg6 Bb7 31. Rxh6 Rxb2 32. Rh8+ Kd7 33. h4 Rc2 34. Na4 Rxa2 35. Nxb6+ Kc7 36. Nc4 Ra4 37. Rh7+ Kb8 38. Nd6 Ba6 39. h5 c5 40. h6 c4 41. Rg7 c3 42. h7 c2 43. h8=Q+ Bc8 44. Qxc8# 1-0

[Event "France (nationale 2 clubs)"]
[Site "?"]
[Date "2004.??.??"]
[Round "3.10"]
[White "Feller Alice"]
[Black "Antonnucci Nicolas"]
[Result "1-0"]
[WhiteElo "1520"]
[BlackElo "1520"]
[PlyCount "70"]
[EventDate "2004.??.??"]
[Source "www.chesslib.no"]
[SourceDate "2004.05.04"]

1. e4 e5 2. Nf3 Nc6 3. Bc4 Nf6 4. Ng5 d5 5. exd5 Nxd5 6. d3 h6 7. Ne4 Bd6 8. Bxd5 Bd7 9. Nbc3 O-O 10. O-O Rb8 11. Qf3 g5 12. Nf6+ Kg7 13. Nh5+ Kh8 14. Ne4 Be7 15. Nhf6 Nd4 16. Qh5 Kg7 17. h4 Nf5 18. hxg5 Be6 19. gxh6+ Kh8 20. g4 Bxf6 21. Nxf6 Qxf6 22. g5 Qg6 23. Qxg6 fxg6 24. Bxe6 Nd4 25. Bb3 Rf5 26. Bd5 c6 27. Be4 Rf7 28. c3 Ne2+ 29. Kh1 Nxc1 30. Raxc1 Rf4 31. Bxg6 Rg4 32. Rg1 Rh4+ 33. Kg2 Rg8 34. Kg3 Ra4 35. Kf3 Rxg6 1-0

[Event "FRA-chT 0102 U18"]
[Site "?"]
[Date "2002.05.08"]
[Round "8.6"]
[White "Barbuti Claire"]
[Black "Schlachter David"]
[Result "0-1"]
[WhiteElo "1370"]
[BlackElo "1660"]
[PlyCount "124"]
[EventDate "2002.??.??"]
[Source "www.chesslib.no"]
[SourceDate "2004.05.04"]

1. e4 e5 2. Nf3 Nc6 3. Bc4 Nf6 4. Ng5 Nxe4 5. Nxe4 d5 6. Bxd5 Qxd5 7. Nbc3 Qd8 8. d3 Be7 9. O-O O-O 10. Be3 f5 11. Qf3 fxe4 12. Qxe4 Bf5 13. Qc4+ Kh8 14. Rad1 Bd6 15. d4 exd4 16. Bxd4 Bxc2 17. Rd2 Nxd4 18. Rxd4 Bg6 19. Rfd1 Qf6 20. Qe2 Rfe8 21. Ne4 Bxe4 22. Rxe4 Rxe4 23. Qxe4 Qxb2 24. Re1 Qxa2 25. Qxb7 Rf8 26. f3 Qd2 27. Rb1 Re8 28. Qb8 Qd4+ 29. Kh1 Qe5 30. g3 Qe3 31. Qb7 Rf8 32. Rf1 Qe2 33. Qb1 h6 34. Kg1 Bc5+ 35. Kh1 Rxf3 36. Qb8+ Bf8 37. Rxf3 Qxf3+ 38. Kg1 Qe3+ 39. Kg2 Qc5 40. h4 Kh7 41. Qb1+ g6 42. Qb3 c6 43. Qf7+ Bg7 44. g4 Qd5+ 45. Qxd5 cxd5 46. Kf3 d4 47. Ke4 a5 48. Kd3 Kg8 49. Kc4 Kf7 50. Kb3 Ke6 51. Ka4 Kd5 52. Kb3 Ke4 53. Kc2 Kf4 54. Kd3 Kxg4 55. Ke4 a4 56. Kd3 a3 57. Kc2 Kxh4 58. Kb3 d3 59. Kxa3 d2 60. Kb3 d1=Q+ 61. Kc4 Qd4+ 62. Kb5 Qc3 0-1

[Event "Corr"]
[Site "?"]
[Date "2003.12.10"]
[Round "?"]
[White "Avant Thomas"]
[Black "Paas Christian"]
[Result "1/2-1/2"]
[WhiteElo "1590"]
[BlackElo "1438"]
[PlyCount "175"]
[EventDate "2003.??.??"]
[Source "www.chesslib.no"]
[SourceDate "2004.05.04"]

1. e4 Nc6 2. Nf3 e5 3. Bc4 Nf6 4. Ng5 d5 5. exd5 Nxd5 6. Nxf7 Kxf7 7. Qf3+ Ke6 8. Nc3 Ncb4 9. Qe4 c6 10. a3 Na6 11. Qf3 Nac7 12. Ne4 b5 13. Ba2 Qh4 14. d3 Be7 15. c4 bxc4 16. dxc4 Nb6 17. h3 Rf8 18. Qe2 g6 19. Nd2 Ba6 20. Nf3 Rxf3 21. Qxf3 Bxc4 22. Qxc6+ Kf7 23. Bxc4+ Qxc4 24. Qf3+ Kg7 25. b3 Qb5 26. Qe2 Qxe2+ 27. Kxe2 Ne6 28. Be3 Nd5 29. Rhc1 a5 30. Rc6 Kf7 31. Kd3 Ndf4+ 32. Bxf4 Nxf4+ 33. Ke4 Nxg2 34. Kxe5 Rb8 35. Ra6 Rxb3 36. Ke4 Rxh3 37. Rxa5 Nh4 38. a4 Nf5 39. Ra8 Nd6+ 40. Kd5 Rd3+ 41. Kc6 Rc3+ 42. Kd5 h5 43. a5 Nb5 44. Ke4 Bf6 45. Rb1 Nd6+ 46. Kd5 Rd3+ 47. Kc6 Nf5 48. a6 Ra3 49. Kc5 h4 50. Rb7+ Ne7 51. a7 h3 52. Rd8 h2 53. Rd1 Ke6 54. Re1+ Kf5 55. Rh1 Nc8 56. Rxh2 Nxa7 57. Rg2 Ra5+ 58. Kc4 Nc6 59. f4 Ne7 60. Kb4 Ra1 61. Rb5+ Ke4 62. Re2+ Kf3 63. Re6 Rb1+ 64. Kc4 Rxb5 65. Kxb5 Ng8 66. Re1 Kxf4 67. Rf1+ Ke5 68. Kc4 g5 69. Kb3 g4 70. Kc4 g3 71. Kd3 Nh6 72. Ke2 Nf5 73. Kf3 Ke6 74. Re1+ Be5 75. Kg4 g2 76. Rg1 Bc3 77. Rxg2 Nd4 78. Rg3 Ba5 79. Ra3 Bc7 80. Rc3 Bh2 81. Re3+ Kf6 82. Rf3+ Kg6 83. Rd3 Nf5 84. Ra3 Nd4 85. Rd3 Nf5 86. Kf3 Bc7 87. Ke2 Bh2 88. Kd1 1/2-1/2